শিব-মন্দির বা জীবন্ত সমাধি কাব্য / (Record no. 49069)
[ view plain ]
| 000 -LEADER | |
|---|---|
| fixed length control field | 00872nam a2200241 a 4500 |
| 001 - CONTROL NUMBER | |
| control field | 49069 |
| 003 - CONTROL NUMBER IDENTIFIER | |
| rucl marc code | BD-RjUL |
| 005 - DATE AND TIME OF LATEST TRANSACTION | |
| control field | 20211209054629.0 |
| 008 - FIXED-LENGTH DATA ELEMENTS--GENERAL INFORMATION | |
| fixed length control field | 160817s1969 bg |||| ||| 000 0 ben d |
| 020 ## - INTERNATIONAL STANDARD BOOK NUMBER | |
| Terms of availability | : Tk. 7.00 |
| 035 ## - SYSTEM CONTROL NUMBER | |
| System control number | (BD-RjUL)49188 |
| 040 ## - CATALOGING SOURCE | |
| Original cataloging agency | BD-RjUL |
| Language of cataloging | ben |
| Transcribing agency | BD-RjUL |
| Modifying agency | BD-RjUL |
| 041 ## - LANGUAGE CODE | |
| Language code of text/sound track or separate title | ben |
| 082 ## - DEWEY DECIMAL CLASSIFICATION NUMBER | |
| Edition number | 23 |
| Classification number | 891.441 |
| Author mark and year | KAS 1969 |
| 100 1# - MAIN ENTRY--PERSONAL NAME | |
| Personal name | কায়কোবাদ |
| 9 (RLIN) | 147627 |
| 245 10 - TITLE STATEMENT | |
| Title | শিব-মন্দির বা জীবন্ত সমাধি কাব্য / |
| Statement of responsibility, etc. | কায়কোবাদ |
| 250 ## - EDITION STATEMENT | |
| Edition statement | ৩য় সং. |
| 260 ## - PUBLICATION, DISTRIBUTION, ETC. (IMPRINT) | |
| Place of publication, distribution, etc. | ঢাকা : |
| Name of publisher, distributor, etc. | পাকিস্তান বুক কর্পোরেশন, |
| Date of publication, distribution, etc. | ১৯৬৯ [১৩৭৬] |
| 300 ## - PHYSICAL DESCRIPTION | |
| Pagination | [১২] ৩৩৬ পৃ. ; |
| Size | ২১ সেমি. |
| 650 ## - SUBJECT ADDED ENTRY--TOPICAL TERM | |
| Topical term or geographic name as entry element | বাংলা কবিতা |
| 9 (RLIN) | 147628 |
| Topical term or geographic name as entry element | Bengali poetry |
| 9 (RLIN) | 147629 |
| 942 ## - ADDED ENTRY ELEMENTS (KOHA) | |
| Source of classification or shelving scheme | Dewey Decimal Classification |
| Koha item type | Books |
| Lost status | Source of classification or shelving scheme | Damaged status | Not for loan | Collection code | Permanent Location | Current Location | Shelving location | Date acquired | Cost, normal purchase price | Total Checkouts | Full call number | Date last seen | Copy number | Koha item type | Source of acquisition |
|---|---|---|---|---|---|---|---|---|---|---|---|---|---|---|---|
| Dewey Decimal Classification | Non-fiction | Central Library, University of Rajshahi | Central Library, University of Rajshahi | 7.00 | B 891.441 KAS 1969 | 17/08/2016 | C-2 | Books | |||||||
| Dewey Decimal Classification | Non-fiction | Central Library, University of Rajshahi | Central Library, University of Rajshahi | 7.00 | B 891.441 KAS 1969 | 17/08/2016 | C-3 | Books | |||||||
| Dewey Decimal Classification | Non-fiction | Central Library, University of Rajshahi | Central Library, University of Rajshahi | 7.00 | B 891.441 KAS 1969 | 17/08/2016 | C-4 | Books | |||||||
| Dewey Decimal Classification | Non-fiction | Central Library, University of Rajshahi | Central Library, University of Rajshahi | 7.00 | B 891.441 KAS 1969 | 17/08/2016 | C-5 | Books | |||||||
| Dewey Decimal Classification | Not For Loan | Non-fiction | Central Library, University of Rajshahi | Central Library, University of Rajshahi | Reading Room | 27/06/1970 | 7.00 | B 891.441 KAS 1969 | 03/05/2017 | C-1 | Books | N/A |